[Event "World Senior Teams +50"]
[Site "Radebeul GER"]
[Date "2016.06.29"]
[Round "4.2"]
[Board "1"]
[White "Nunn, John D M"]
[Black "Boensch, Uwe"]
[Result "1/2-1/2"]
[WhiteTitle "GM"]
[BlackTitle "GM"]
[WhiteElo "2597"]
[BlackElo "2545"]
[WhiteTeam "England 1"]
[BlackTeam "Germany 1"]
[WhiteFideId "400017"]
[BlackFideId "4611268"]
[EventDate "2016.06.26"]

1. e4 c5 2. Nf3 Nc6 3. Bb5 d6 4. O-O Bd7 5. Re1 Nf6 6. h3 Ne5 7. a4 a6 8. Bf1
Nxf3+ 9. Qxf3 Bc6 10. Nc3 g6 11. a5 Bg7 12. Bc4 O-O 13. d3 Nd7 14. Qg3 Kh8 15.
Bg5 Ne5 16. Bd5 Bd7 17. Bxb7 Rb8 18. Bxa6 Rxb2 19. Nd5 Nc6 20. c3 f6 21. Be3
Nxa5 22. Nxe7 Qxe7 23. Rxa5 f5 24. exf5 Bxf5 25. Raa1 Be5 26. Bxc5 Bxg3 27. Rxe7
dxc5 28. fxg3 Ra8 29. Ree1 Rd2 30. Bc4 Rxa1 31. Rxa1 Bxd3 32. Ra8+ Kg7 33. Ra7+
Kh6 34. Rd7 Rd1+ 35. Kh2 Be2 36. Rxd1 Bxd1 37. Kg1 Kg5 38. Kf2 Kf5 39. Ke3 Ba4
40. g4+ Ke5 41. Bd3 Kf6 42. h4 h6 43. g3 g5 44. Be2 1/2-1/2

[Event "World Senior Teams +50"]
[Site "Radebeul GER"]
[Date "2016.06.29"]
[Round "4.2"]
[Board "2"]
[White "Bischoff, Klaus"]
[Black "Speelman, Jon S"]
[Result "1-0"]
[WhiteTitle "GM"]
[BlackTitle "GM"]
[WhiteElo "2500"]
[BlackElo "2523"]
[WhiteTeam "Germany 1"]
[BlackTeam "England 1"]
[WhiteFideId "4600045"]
[BlackFideId "400033"]
[EventDate "2016.06.26"]

1. d4 Nf6 2. c4 e6 3. Nf3 b6 4. a3 Bb7 5. Nc3 d5 6. Bg5 Nbd7 7. cxd5 exd5 8. e3
Be7 9. Be2 O-O 10. O-O Re8 11. Qc2 a6 12. Rfd1 Nh5 13. Bxe7 Qxe7 14. b4 Nhf6 15.
Qb2 c6 16. a4 a5 17. Rab1 axb4 18. Qxb4 Qe6 19. Ne1 Ba6 20. Bxa6 Rxa6 21. Nd3 g5
22. Nc1 Ne4 23. Nxe4 dxe4 24. Ne2 Rea8 25. Nc3 Nf6 26. Rdc1 Kg7 27. Qb3 Nd5 28.
Qc2 Re8 29. h3 h5 30. Qe2 Ra5 31. Nxd5 cxd5 32. Qxh5 Qf6 33. Rb5 Rea8 34. Rxa5 1-0

[Event "World Senior Teams +50"]
[Site "Radebeul GER"]
[Date "2016.06.29"]
[Round "4.2"]
[Board "3"]
[White "Hebden, Mark L"]
[Black "Volke, Karsten"]
[Result "1-0"]
[WhiteTitle "GM"]
[BlackTitle "IM"]
[WhiteElo "2510"]
[BlackElo "2478"]
[WhiteTeam "England 1"]
[BlackTeam "Germany 1"]
[WhiteFideId "400084"]
[BlackFideId "4611411"]
[EventDate "2016.06.26"]

1. d4 Nf6 2. Bg5 e6 3. Nd2 h6 4. Bh4 d6 5. e4 Nc6 6. Bb5 Bd7 7. c3 e5 8. Bxf6
Qxf6 9. d5 Nb8 10. Bxd7+ Nxd7 11. Ne2 g6 12. O-O Bg7 13. c4 O-O 14. Nc3 h5 15.
b4 Bh6 16. Nb3 Qe7 17. a4 a6 18. Ra2 f5 19. exf5 Rxf5 20. Ne4 Nf6 21. Re2 Rf8
22. Qd3 Qf7 23. Nxf6+ Qxf6 24. Na5 Rf4 25. Qc2 Qf5 26. Nxb7 Rb8 27. Na5 Qxc2 28.
Rxc2 Rxb4 29. Ra1 Bg7 30. g3 Rf3 31. Nc6 Rbb3 32. Kg2 Rfd3 33. a5 e4 34. Re1 e3
35. Rxe3 Rxe3 36. fxe3 Bc3 37. Ra2 Bb4 38. Nb8 Bxa5 39. Rxa5 Rxb8 40. Rxa6 Kf7
41. Ra7 Rc8 42. Kf3 Kf6 43. Ke4 c5 44. h4 g5 45. Rd7 Re8+ 46. Kd3 Kf5 47. Rxd6
Kg4 48. Rg6 Kxg3 49. Rxg5+ Kxh4 50. Rg7 Kh3 51. e4 h4 52. d6 Kh2 53. d7 Rd8 54.
e5 h3 55. e6 Kh1 56. Ke4 h2 57. Rh7 1-0

[Event "World Senior Teams +50"]
[Site "Radebeul GER"]
[Date "2016.06.29"]
[Round "4.2"]
[Board "4"]
[White "Tischbierek, Raj"]
[Black "Flear, Glenn C"]
[Result "1-0"]
[WhiteTitle "GM"]
[BlackTitle "GM"]
[WhiteElo "2439"]
[BlackElo "2450"]
[WhiteTeam "Germany 1"]
[BlackTeam "England 1"]
[WhiteFideId "4611322"]
[BlackFideId "400165"]
[EventDate "2016.06.26"]

1. c4 e6 2. Nf3 d5 3. e3 Nf6 4. Nc3 c6 5. b3 Nbd7 6. Qc2 b6 7. cxd5 exd5 8. Bb2
Bb7 9. d4 Bd6 10. Bd3 O-O 11. O-O Re8 12. Rfe1 Rc8 13. Rad1 Qc7 14. a3 Qb8 15.
b4 Qa8 16. Qb1 a5 17. Bc1 axb4 18. axb4 Qb8 19. g3 g6 20. Bf1 Rc7 21. Bg2 b5 22.
Nd2 Rcc8 23. e4 dxe4 24. Ndxe4 Qc7 25. Nc5 Nxc5 26. dxc5 Bf8 27. Bf4 Rxe1+ 28.
Rxe1 Qd7 29. Rd1 Qe7 30. Bd6 Qe6 31. Nxb5 Bg7 32. Na7 Re8 33. Nxc6 Ng4 34. Ne7+
Rxe7 35. Bxe7 Qxe7 36. Bxb7 Qxb7 37. Rd8+ Bf8 38. Qd1 Ne5 39. Qd5 Qxd5 40. Rxd5
f6 41. b5 Kf7 42. c6 Ke6 43. c7 1-0

[Event "World Senior Teams +50"]
[Site "Radebeul GER"]
[Date "2016.06.29"]
[Round "4.3"]
[Board "1"]
[White "Preuss, Heiko"]
[Black "Strutinskaia, Galina"]
[Result "1/2-1/2"]
[BlackTitle "WGM"]
[WhiteElo "2245"]
[BlackElo "2237"]
[WhiteTeam "Post-SV Ulm"]
[BlackTeam "Russia Women"]
[WhiteFideId "4635493"]
[BlackFideId "4108558"]
[EventDate "2016.06.26"]

1. d4 e6 2. g3 f5 3. Bg2 Nf6 4. Nd2 c5 5. e3 Nc6 6. Ne2 d5 7. O-O Bd6 8. c4 Ne7
9. b3 O-O 10. Bb2 cxd4 11. exd4 Bd7 12. Nc1 Rc8 13. Nd3 Ne4 14. c5 Bb8 15. a4
Qe8 16. f4 h6 1/2-1/2

[Event "World Senior Teams +50"]
[Site "Radebeul GER"]
[Date "2016.06.29"]
[Round "4.3"]
[Board "2"]
[White "Mednikova, Svetlana"]
[Black "Boehm, Martin"]
[Result "1-0"]
[WhiteTitle "WGM"]
[WhiteElo "2180"]
[BlackElo "2234"]
[WhiteTeam "Russia Women"]
[BlackTeam "Post-SV Ulm"]
[WhiteFideId "4109961"]
[BlackFideId "4608356"]
[EventDate "2016.06.26"]

1. e4 c6 2. d4 d5 3. exd5 cxd5 4. Bd3 Nc6 5. c3 g6 6. Bf4 Bg7 7. Qd2 Nf6 8. Na3
O-O 9. Nf3 Ne4 10. Qe3 Bf5 11. O-O Nd6 12. Ne5 Bxd3 13. Qxd3 Qa5 14. Rfe1 Rfe8
15. h4 Qa4 16. h5 Nxe5 17. Bxe5 Bxe5 18. dxe5 Nc4 19. hxg6 hxg6 20. e6 Nxa3 21.
exf7+ Kxf7 22. Qxd5+ Kf8 23. Re4 Rad8 24. Rxa4 Rxd5 25. Rxa3 Rd2 26. Rb3 b6 27.
a4 Rc8 28. a5 Rc6 29. axb6 Rxb6 30. Rxb6 axb6 31. b4 Rc2 32. Ra6 Rxc3 33. Rxb6
Rb3 34. Rxg6 Rxb4 35. f3 Kf7 36. Ra6 Rb2 37. Kh2 Rc2 38. Kh3 Rf2 39. Kg3 Rb2 40.
f4 Rc2 41. Kf3 Rb2 42. f5 Rb4 43. Re6 Ra4 44. g4 Rb4 45. Re4 Rb5 46. Kf4 Ra5 47.
Rb4 Rc5 48. g5 Ra5 49. g6+ Kf8 50. Rb8+ Kg7 51. Re8 1-0

[Event "World Senior Teams +50"]
[Site "Radebeul GER"]
[Date "2016.06.29"]
[Round "4.3"]
[Board "3"]
[White "Pieper, Thomas"]
[Black "Kozlovskaya, Valentina"]
[Result "1/2-1/2"]
[BlackTitle "WGM"]
[WhiteElo "2226"]
[BlackElo "2218"]
[WhiteTeam "Post-SV Ulm"]
[BlackTeam "Russia Women"]
[WhiteFideId "4606299"]
[BlackFideId "4107098"]
[EventDate "2016.06.26"]

1. e4 c5 2. Nf3 a6 3. c3 d5 4. exd5 Qxd5 5. d4 e6 6. Be2 Nf6 7. O-O Nc6 8. Be3
cxd4 9. cxd4 Be7 10. Nc3 Qa5 11. Rc1 O-O 12. Nd2 Qd8 13. Nc4 Nb4 14. a3 Nbd5 15.
Bg5 h6 16. Bh4 b5 17. Bxf6 Nxf6 18. Bf3 Rb8 19. Ne5 Rb6 20. Qe2 Qd6 21. Rfd1 Bd8
22. g3 Bb7 23. Bxb7 Rxb7 24. Ne4 Nxe4 25. Qxe4 Rc7 26. b4 Bf6 27. Rc5 Bxe5 28.
Rxc7 Qxc7 29. dxe5 Qc3 30. Rd3 Qa1+ 31. Kg2 Rc8 32. h4 g6 33. Qf4 Qb1 34. Rf3
Qf5 35. Qd4 Qc2 36. Qf4 Qc7 37. g4 Rd8 38. h5 g5 39. Qf6 Rd4 40. Kh3 Rd5 41. Re3
Qc1 42. Qf3 Qf1+ 43. Qg2 Qa1 44. Qe4 Rd4 45. Qg2 Rf4 46. Kh2 Qb2 47. Kg3 Kg7 48.
Qg1 Rc4 49. Qe1 Qd4 50. Qe2 Qa1 51. Kh2 Qd4 52. Kh3 Qf4 53. Qf3 Qxf3+ 54. Rxf3
Re4 55. Re3 Rxe3+ 56. fxe3 f6 57. e4 1/2-1/2

[Event "World Senior Teams +50"]
[Site "Radebeul GER"]
[Date "2016.06.29"]
[Round "4.3"]
[Board "4"]
[White "Fatalibekova, Elena"]
[Black "Habel, Christof"]
[Result "1-0"]
[WhiteTitle "WGM"]
[WhiteElo "2227"]
[BlackElo "2042"]
[WhiteTeam "Russia Women"]
[BlackTeam "Post-SV Ulm"]
[WhiteFideId "4106792"]
[BlackFideId "24602540"]
[EventDate "2016.06.26"]

1. Nf3 d5 2. d4 Nf6 3. Bf4 e6 4. e3 Bd6 5. Bg3 c6 6. Nbd2 Bxg3 7. hxg3 Nbd7 8.
c4 Qe7 9. Qc2 e5 10. cxd5 cxd5 11. dxe5 Nxe5 12. Nxe5 Qxe5 13. Bb5+ Bd7 14.
Bxd7+ Nxd7 15. Nf3 Qd6 16. Rc1 b6 17. Nd4 g6 18. Nb5 Qb4+ 19. Qc3 Qxc3+ 20. Rxc3
O-O 21. Nc7 Rac8 22. Nxd5 Rxc3 23. Nxc3 Nc5 24. Ke2 Rd8 25. Rd1 Rxd1 26. Nxd1 f5
27. Nc3 Kf7 28. b4 Ne4 29. Nxe4 fxe4 30. f3 Ke6 31. g4 h5 32. gxh5 gxh5 33. Kf2
h4 34. Kg1 a5 35. bxa5 bxa5 36. Kh2 1-0

[Event "World Senior Teams +50"]
[Site "Radebeul GER"]
[Date "2016.06.29"]
[Round "4.4"]
[Board "4"]
[White "Galdunts, Sergey"]
[Black "Ross, David"]
[Result "1/2-1/2"]
[WhiteTitle "GM"]
[BlackTitle "IM"]
[WhiteElo "2415"]
[BlackElo "2296"]
[WhiteTeam "Armenia"]
[BlackTeam "Canada"]
[WhiteFideId "13300067"]
[BlackFideId "2600277"]
[EventDate "2016.06.26"]

1. e4 e6 2. d3 d5 3. Qe2 Nf6 4. Nf3 Be7 5. g3 c5 6. Bg2 Nc6 7. O-O O-O 8. e5 Nd7
9. c4 Re8 10. h4 f6 11. exf6 Bxf6 12. Bg5 h6 13. Bxf6 Nxf6 14. Ne5 Nd4 15. Qd1
b5 16. Nc3 Rb8 17. Ne2 Qd6 18. Nxd4 cxd4 19. Re1 bxc4 20. dxc4 Rxb2 21. cxd5
exd5 22. Qxd4 Rb4 23. Qc3 Ne4 24. Bxe4 Rxe4 25. Rxe4 dxe4 26. Nc4 Qd3 27. Rc1
Bg4 28. Ne3 Bf3 29. Qc7 Rd8 30. Qxa7 Kh7 31. Qa5 Rd7 32. h5 Rf7 33. Qd5 Qxd5 34.
Nxd5 Rf5 35. Nf4 Bxh5 36. Nxh5 Rxh5 37. g4 Re5 38. Ra1 Ra5 39. Kf1 Kg6 40. Ke2 1/2-1/2

[Event "World Senior Teams +50"]
[Site "Radebeul GER"]
[Date "2016.06.29"]
[Round "4.5"]
[Board "1"]
[White "Enders, Peter"]
[Black "Wuttke, Hans"]
[Result "1-0"]
[WhiteTitle "GM"]
[WhiteElo "2448"]
[BlackElo "2140"]
[WhiteTeam "Thueringen"]
[BlackTeam "Empor Potsdam"]
[WhiteFideId "4611314"]
[BlackFideId "4636120"]
[EventDate "2016.06.26"]

1. b3 e5 2. Bb2 Nc6 3. e3 Nf6 4. Nf3 e4 5. Nd4 Nxd4 6. Bxd4 d5 7. d3 Be7 8. Nd2
O-O 9. Be2 Re8 10. O-O c6 11. dxe4 dxe4 12. a4 Bf5 13. Nc4 Nd5 14. Re1 Bb4 15.
Rf1 Qg5 16. Kh1 Re6 17. f4 exf3 18. Bxf3 Rae8 19. Bxa7 Rh6 20. e4 Qh4 21. Bg1
Bxe4 22. a5 Bxf3 23. Qxf3 Rf6 24. Qd3 Rxf1 25. Rxf1 Re1 26. g3 Qe7 27. Rxe1 Qxe1
28. Kg2 Bxa5 29. Bf2 Qb4 30. Qf5 Bc7 31. Qc8+ Qf8 32. Qxb7 Qe8 33. Kg1 h5 34.
Nd2 Ba5 35. Nf3 Bc3 36. Qa6 Qe4 37. Qc8+ 1-0

[Event "World Senior Teams +50"]
[Site "Radebeul GER"]
[Date "2016.06.29"]
[Round "4.5"]
[Board "2"]
[White "Jeske, Eckhard"]
[Black "Casper, Thomas"]
[Result "1/2-1/2"]
[BlackTitle "IM"]
[WhiteElo "2171"]
[BlackElo "2377"]
[WhiteTeam "Empor Potsdam"]
[BlackTeam "Thueringen"]
[WhiteFideId "4641485"]
[BlackFideId "4611403"]
[EventDate "2016.06.26"]

1. c4 Nf6 2. Nc3 d6 3. g3 e5 4. Bg2 Be7 5. e3 O-O 6. Nge2 Re8 7. d4 c6 8. O-O
Bf8 9. Qc2 a5 10. b3 Na6 11. Bb2 Qc7 12. Rac1 Bd7 1/2-1/2

[Event "World Senior Teams +50"]
[Site "Radebeul GER"]
[Date "2016.06.29"]
[Round "4.5"]
[Board "3"]
[White "Brueggemann, Joachim"]
[Black "Schulz, Michael1"]
[Result "1-0"]
[WhiteTitle "IM"]
[BlackTitle "FM"]
[WhiteElo "2304"]
[BlackElo "2127"]
[WhiteTeam "Thueringen"]
[BlackTeam "Empor Potsdam"]
[WhiteFideId "4611861"]
[BlackFideId "4616731"]
[EventDate "2016.06.26"]

1. e4 g6 2. d4 Bg7 3. c3 c6 4. Nf3 d5 5. Nbd2 Nh6 6. h3 O-O 7. Bd3 f6 8. O-O Nf7
9. c4 e6 10. exd5 cxd5 11. cxd5 exd5 12. b4 f5 13. b5 Nd7 14. Qb3 Nf6 15. Ne5
Be6 16. Bb2 Re8 17. Nxf7 Bxf7 18. Nf3 Ne4 19. Rfc1 Qb6 20. Rc2 Rad8 21. a4 a5
22. Rac1 Bh6 23. Rd1 Rc8 24. Ne5 Be6 25. Re2 Bf4 26. Bb1 Bxe5 27. dxe5 d4 28.
Qf3 Nc3 29. Bxc3 Rxc3 30. Bd3 Rec8 31. Qf4 Bb3 32. Rdd2 Bxa4 33. e6 Qc7 34. Re5
Rc1+ 35. Kh2 Rc5 36. Rde2 Bxb5 37. Bxb5 Rxb5 38. Qxd4 Re8 39. Qd7 Rxe5 40. Qxc7
Rxe2 41. Qf7+ 1-0

[Event "World Senior Teams +50"]
[Site "Radebeul GER"]
[Date "2016.06.29"]
[Round "4.6"]
[Board "2"]
[White "Wademark, Helge"]
[Black "Ianov, Viktor"]
[Result "0-1"]
[BlackTitle "IM"]
[WhiteElo "2067"]
[BlackElo "2324"]
[WhiteTeam "Sweden"]
[BlackTeam "Obuchiw"]
[WhiteFideId "1701606"]
[BlackFideId "14102730"]
[EventDate "2016.06.26"]

1. e4 d6 2. Nc3 g6 3. f4 Bg7 4. Nf3 e6 5. d4 Ne7 6. Bd3 a6 7. O-O b5 8. Qe1 Nbc6
9. Ne2 d5 10. e5 h5 11. c3 Bd7 12. Nh4 Nf5 13. Nxf5 exf5 14. b3 Bf8 15. Bd2 Be6
16. Kh1 Be7 17. Ng1 Kf8 18. Nf3 Kg7 19. Qe2 Na5 20. Rfc1 c6 21. Qe1 Nb7 22. h4
c5 23. g3 Qd7 24. a4 c4 25. Bc2 cxb3 26. Bxb3 Na5 27. Qd1 Nc4 28. axb5 axb5 29.
Rxa8 Rxa8 30. Ra1 Qc6 31. Rxa8 Qxa8 32. Qb1 b4 33. Be1 Qa3 34. cxb4 Bxb4 35.
Bxb4 Qxb4 36. Qd3 Bd7 37. Bd1 Qb2 38. Qc2 Qa1 39. Qb3 Nb2 0-1

[Event "World Senior Teams +50"]
[Site "Radebeul GER"]
[Date "2016.06.29"]
[Round "4.6"]
[Board "3"]
[White "Kernazhitsky, Leonid"]
[Black "Gromark, Per-Olof"]
[Result "1-0"]
[WhiteTitle "IM"]
[WhiteElo "2285"]
[BlackElo "2003"]
[WhiteTeam "Obuchiw"]
[BlackTeam "Sweden"]
[WhiteFideId "14102102"]
[BlackFideId "1722433"]
[EventDate "2016.06.26"]

1. e4 c5 2. Nf3 e6 3. d4 cxd4 4. Nxd4 Nc6 5. Nc3 Qc7 6. Be3 a6 7. f4 b5 8. Qf3
Bb7 9. Bd3 Nxd4 10. Bxd4 Nf6 11. g4 d5 12. e5 Nd7 13. O-O-O Nc5 14. Kb1 O-O-O
15. h4 Kb8 16. f5 Nxd3 17. cxd3 Bb4 18. Ne2 Rhf8 19. Qe3 Rc8 20. Rc1 Qd7 21.
Rhf1 Rxc1+ 22. Qxc1 Rc8 23. Qe3 Rc7 24. a3 Bf8 25. Bb6 Rc8 26. Nd4 Bc6 27. fxe6
fxe6 28. Re1 Bb7 29. Rf1 Bc6 30. Nb3 Bb7 31. d4 b4 32. Bc5 Bxc5 33. Nxc5 Qb5 34.
Rf7 Qe8 35. Rxb7+ 1-0

[Event "World Senior Teams +50"]
[Site "Radebeul GER"]
[Date "2016.06.29"]
[Round "4.6"]
[Board "4"]
[White "Kirppo, Ronny"]
[Black "Semenov, Valeri"]
[Result "0-1"]
[BlackTitle "FM"]
[WhiteElo "1823"]
[BlackElo "2279"]
[WhiteTeam "Sweden"]
[BlackTeam "Obuchiw"]
[WhiteFideId "1724681"]
[BlackFideId "14101319"]
[EventDate "2016.06.26"]

1. d4 Nf6 2. c4 e6 3. Nf3 Bb4+ 4. Bd2 Qe7 5. a3 Bxd2+ 6. Qxd2 d6 7. Nc3 O-O 8.
e4 e5 9. d5 a5 10. Qc2 Nh5 11. g3 f5 12. Bg2 Na6 13. O-O Nc5 14. b4 fxe4 15.
Nxe4 Nxe4 16. Qxe4 Nf6 17. Qc2 Bg4 18. Ng5 h6 19. Ne4 Bf5 20. Nxf6+ Qxf6 21. Qc3
Bg4 22. c5 Be2 23. bxa5 Bxf1 24. Rxf1 dxc5 25. Qxc5 Qd6 26. Qc3 b6 27. Rc1 Rxa5
28. Qxc7 Qxc7 29. Rxc7 Rxa3 30. Bh3 Rd3 31. Rb7 Rf6 32. Be6+ Kh7 33. g4 Rd1+ 34.
Kg2 Rd2 35. Bf5+ Kg8 36. Rb8+ Kf7 37. Rb7+ Kf8 38. Rb8+ Ke7 39. Rb7+ Kd6 40.
Rxb6+ Kc7 41. Rxf6 gxf6 42. Be4 Kd6 43. Kf3 Kc5 44. h4 Rd1 45. Kg2 Kd4 46. f3
Ke3 47. h5 Ra1 48. Bf5 Ra2+ 49. Kg3 Rf2 50. Be4 Rd2 51. d6 Rxd6 52. Bf5 Rd4 53.
Bg6 Rf4 0-1

[Event "World Senior Teams +50"]
[Site "Radebeul GER"]
[Date "2016.06.29"]
[Round "4.7"]
[Board "1"]
[White "Gempe, Thomas"]
[Black "Petran, Peter"]
[Result "0-1"]
[WhiteTitle "FM"]
[BlackTitle "IM"]
[WhiteElo "2206"]
[BlackElo "2331"]
[WhiteTeam "Schachfreunde Leipzig 50+"]
[BlackTeam "Slovakia"]
[WhiteFideId "4615638"]
[BlackFideId "14900114"]
[EventDate "2016.06.26"]

1. d4 g6 2. e4 Bg7 3. Nc3 c6 4. Be3 b5 5. Qd2 d6 6. O-O-O Nd7 7. Kb1 Nb6 8. Bd3
a5 9. f3 h5 10. h4 Nf6 11. Nh3 Bxh3 12. Rxh3 Qc7 13. e5 Nfd5 14. f4 Nxc3+ 15.
Qxc3 Nd5 16. Qd2 e6 17. Rg1 Bf8 18. Ka1 Be7 19. c3 a4 20. Be4 Nb6 21. Qc2 O-O-O
22. Bd3 d5 23. Bf2 Kb7 24. Rf3 Qd7 25. Kb1 Rc8 26. Qe2 Nc4 27. Qc2 Ra8 28. Kc1
Qc7 29. Kd1 c5 30. g3 Rhc8 31. Rg2 Qa5 32. Bxc4 bxc4 33. a3 cxd4 34. Bxd4 Rh8
35. Rff2 Rab8 36. Ke2 Kc6 37. Kf3 Rb3 38. Qc1 Rhb8 39. Rc2 Qd8 40. Qe3 R8b5 41.
Rge2 Qh8 42. Qf2 Qf8 43. Kg2 Rb8 44. Kh3 Bc5 45. Bxc5 Qxc5 46. Qxc5+ Kxc5 47.
Red2 R3b7 48. Kg2 d4 49. cxd4+ Kd5 50. g4 Rb3 51. gxh5 gxh5 52. f5 exf5 53. Rf2
Kxd4 54. Rxf5 Rxb2 55. Rxb2 Rxb2+ 56. Kf3 Rb5 57. Rf4+ Kd3 58. Rxf7 Rxe5 59.
Rd7+ Kc2 60. Kf4 Rb5 61. Ke3 c3 62. Kd4 Kb2 63. Kc4 Rb8 0-1

[Event "World Senior Teams +50"]
[Site "Radebeul GER"]
[Date "2016.06.29"]
[Round "4.7"]
[Board "2"]
[White "Motuz, Karol"]
[Black "Pruefer, Friedbert"]
[Result "0-1"]
[WhiteTitle "FM"]
[WhiteElo "2333"]
[BlackElo "2165"]
[WhiteTeam "Slovakia"]
[BlackTeam "Schachfreunde Leipzig 50+"]
[WhiteFideId "14902621"]
[BlackFideId "24699772"]
[EventDate "2016.06.26"]

1. e4 d6 2. d4 Nf6 3. Nc3 g6 4. Be3 c6 5. h3 Bg7 6. f4 O-O 7. Nf3 Nbd7 8. e5 Ne8
9. Qd2 b5 10. a4 b4 11. Ne4 a5 12. Bd3 f6 13. exd6 exd6 14. f5 d5 15. Ng3 Nd6
16. b3 Re8 17. O-O Ne4 18. Nxe4 dxe4 19. Bc4+ Kh8 20. Nh2 gxf5 21. Qe2 Nb6 22.
Bf7 Re7 23. Qh5 Nd5 24. Bg6 Qg8 25. Rae1 Bh6 26. Bxh6 hxg6 27. Qh4 Rh7 28. g4 g5
29. Qh5 Bd7 30. Rxf5 Bxf5 31. gxf5 Nf4 0-1

[Event "World Senior Teams +50"]
[Site "Radebeul GER"]
[Date "2016.06.29"]
[Round "4.7"]
[Board "3"]
[White "Teichgraeber, Michael"]
[Black "Briestensky, Rastislav"]
[Result "1/2-1/2"]
[BlackTitle "FM"]
[WhiteElo "2081"]
[BlackElo "2339"]
[WhiteTeam "Schachfreunde Leipzig 50+"]
[BlackTeam "Slovakia"]
[WhiteFideId "4683129"]
[BlackFideId "14900394"]
[EventDate "2016.06.26"]

1. c4 f5 2. Nc3 Nf6 3. g3 e5 4. Bg2 c6 5. d4 e4 6. Nh3 Be7 7. Bg5 O-O 8. e3 h6
9. Bxf6 Bxf6 10. Nf4 Na6 11. c5 d5 12. cxd6 Qxd6 13. Qb3+ Rf7 14. Bf1 b5 15. a4
Qb4 16. Qa2 Nc7 17. Be2 g6 18. O-O a6 19. Nxg6 Be6 20. Qb1 c5 21. dxc5 Rd8 22.
axb5 axb5 23. Qc1 Bb3 24. Nf4 Be5 25. Ng6 Bf6 26. Nf4 Be5 27. Ng6 Bf6 28. Nf4 1/2-1/2

[Event "World Senior Teams +50"]
[Site "Radebeul GER"]
[Date "2016.06.29"]
[Round "4.7"]
[Board "4"]
[White "Franzen, Jozef"]
[Black "Schober, Ralf"]
[Result "1/2-1/2"]
[WhiteTitle "IM"]
[WhiteElo "2280"]
[BlackElo "2029"]
[WhiteTeam "Slovakia"]
[BlackTeam "Schachfreunde Leipzig 50+"]
[WhiteFideId "14900181"]
[BlackFideId "4673140"]
[EventDate "2016.06.26"]

1. g3 d5 2. Nf3 Nf6 3. Bg2 c6 4. O-O Bf5 5. d3 h6 6. Nbd2 Nbd7 7. b3 e5 8. Bb2
Qc7 9. Nh4 Bh7 10. e4 dxe4 11. dxe4 Be7 12. Qe2 O-O 13. a4 Rfe8 14. Nc4 Bc5 15.
Kh1 b5 16. axb5 cxb5 17. Na3 a6 18. Rad1 Rac8 19. Nb1 Ba7 20. Rd2 Bc5 21. f3 Bb4
22. c3 Bf8 23. Bh3 Rcd8 24. Rfd1 Nc5 25. b4 Na4 26. Rxd8 Rxd8 27. Rxd8 Qxd8 28.
Bc1 Qc7 29. Bd2 Ne8 30. Qd3 Nd6 31. Na3 Be7 32. Ng2 Kh8 33. Ne3 Nb6 34. Nd5 Nxd5
35. Qxd5 Bg8 36. Qxe5 f6 37. Qd4 Qc6 38. Kg2 Qb7 39. Bf4 Nc4 40. Nxc4 Bxc4 41.
Bd6 Bd8 42. Bc5 Qc7 43. Bf5 Bf7 44. h4 g6 45. Bd7 Kg7 46. Kf2 g5 47. hxg5 hxg5
48. Bd6 Qc4 49. Qxc4 Bxc4 50. Bc5 a5 51. bxa5 Bxa5 52. Bb4 Bc7 53. Kg2 Be2 54.
Be6 Be5 55. Kf2 Bd3 56. Bh3 Bc4 57. Bd7 Kg6 58. Be8+ Kg7 59. Bc6 Bc7 60. Bd5
Bb6+ 61. Kg2 Be2 62. f4 gxf4 63. gxf4 Ba7 64. Kg3 Be3 65. Be6 Bd2 66. Bf5 Be1+
67. Kg2 Kf7 68. Bd7 Bd2 69. Kf2 Bc4 70. Kf3 Bc1 71. Bh3 Bd2 72. Bg4 Bc1 73. Kg3
Bd2 74. Bd1 Kg6 75. Bc2 Kf7 76. Kg4 Be6+ 77. Kf3 Bc4 78. Bd1 Ke6 79. Ba5 Kd6 80.
f5 Kc5 81. Bb4+ Kc6 82. Be2 Bf7 83. Kg4 Kb6 84. Bf3 Kc7 85. Bg2 Kb6 86. Bf1 Kc6
87. Bd3 Bb3 88. e5 Bd1+ 89. Kg3 fxe5 90. f6 Bh5 91. Be4+ Kd7 92. Bd5 Ke8 93. Kh4
Bg6 94. Kg4 e4 1/2-1/2

[Event "World Senior Teams +50"]
[Site "Radebeul GER"]
[Date "2016.06.29"]
[Round "4.8"]
[Board "1"]
[White "Heidrich, Manfred"]
[Black "Burchardt, Brigitte"]
[Result "1-0"]
[WhiteTitle "FM"]
[BlackTitle "WIM"]
[WhiteElo "2339"]
[BlackElo "2177"]
[WhiteTeam "SC Forchheim e.V."]
[BlackTeam "Germany 1 Women"]
[WhiteFideId "4602722"]
[BlackFideId "4612213"]
[EventDate "2016.06.26"]

1. e4 c5 2. c3 d5 3. exd5 Qxd5 4. d4 Nf6 5. Nf3 Bg4 6. dxc5 Qxd1+ 7. Kxd1 e5 8.
b4 e4 9. h3 Bh5 10. g4 Nxg4 11. hxg4 Bxg4 12. Nd2 exf3 13. Bd3 Nc6 14. Re1+ Be7
15. Kc2 Kf8 16. Be4 a5 17. b5 Nd8 18. c6 bxc6 19. Nxf3 Bh5 20. Ne5 Bg6 21. Nxg6+
hxg6 22. bxc6 Rc8 23. Rb1 Rh4 24. Bd5 Bf6 25. Ba3+ Kg8 26. Re8+ Kh7 27. Rh1 g5
28. Bd6 Rxc6 29. Rxd8 Rxc3+ 30. Kd2 Rc4 31. Bxc4 Rxh1 32. Rd7 Rh4 33. Bxf7 Rd4+
34. Ke3 Ra4 35. Be7 Bb2 36. Rd1 g6 37. Bxg5 Rg4 38. f4 Rg3+ 39. Ke4 Kg7 40. Rd7
a4 41. Be8+ 1-0

[Event "World Senior Teams +50"]
[Site "Radebeul GER"]
[Date "2016.06.29"]
[Round "4.8"]
[Board "2"]
[White "Wagner-Michel, Annett"]
[Black "Bartsch, Berthold"]
[Result "0-1"]
[WhiteTitle "WIM"]
[BlackTitle "FM"]
[WhiteElo "2139"]
[BlackElo "2270"]
[WhiteTeam "Germany 1 Women"]
[BlackTeam "SC Forchheim e.V."]
[WhiteFideId "4612205"]
[BlackFideId "4604660"]
[EventDate "2016.06.26"]

1. e4 c5 2. Nf3 Nf6 3. Nc3 e6 4. d4 cxd4 5. Nxd4 d5 6. Bb5+ Bd7 7. exd5 Bxb5 8.
Ndxb5 a6 9. Nd4 Nxd5 10. Nxd5 Qxd5 11. O-O Be7 12. Be3 O-O 13. Qg4 Bf6 14. Rad1
Qxa2 15. b3 Qa5 16. Rd3 Nd7 17. Nxe6 Ne5 18. Qf5 fxe6 19. Qxe6+ Kh8 20. Rd5 Qc7
21. Rc5 Qb8 22. h3 Qe8 23. Qd5 Nc6 24. Rc4 Rd8 25. Qc5 Ne5 26. Re4 Rc8 27. Qd5
Qb5 28. Qxb5 axb5 29. Rb4 Rxc2 30. Rxb5 Rf7 31. Rd1 h6 32. g3 Nc6 33. Kg2 Bg5
34. Bb6 Rb2 35. Rd3 Kh7 36. Rf3 Rd7 37. Rf8 Bf6 38. Be3 Nd4 39. Rc5 Ne6 0-1